|
|
|
|
| LEADER |
01907nam a2200421 i 4500 |
| 001 |
EBC1741828 |
| 003 |
MiAaPQ |
| 005 |
20200520144314.0 |
| 006 |
m o d | |
| 007 |
cr cnu|||||||| |
| 008 |
140814t20142014sz ob 000 0 eng d |
| 020 |
|
|
|z 9789221286608
|
| 020 |
|
|
|a 9789221286615
|q (electronic bk.)
|
| 035 |
|
|
|a (MiAaPQ)EBC1741828
|
| 035 |
|
|
|a (Au-PeEL)EBL1741828
|
| 035 |
|
|
|a (CaPaEBR)ebr10902168
|
| 035 |
|
|
|a (OCoLC)884015866
|
| 040 |
|
|
|a MiAaPQ
|b eng
|e rda
|e pn
|c MiAaPQ
|d MiAaPQ
|
| 050 |
|
4 |
|a HD6080
|b .I584 2014
|
| 082 |
0 |
|
|a 368.4
|2 23
|
| 110 |
2 |
|
|a International Labour Office,
|e author.
|
| 245 |
1 |
0 |
|a World social protection report 2014/15 :
|b building economic recovery, inclusive development and social justice /
|c International Labour Office.
|
| 264 |
|
1 |
|a Geneva, Switzerland :
|b International Labour Office,
|c 2014.
|
| 264 |
|
4 |
|c 2014
|
| 300 |
|
|
|a 1 online resource (364 pages)
|
| 336 |
|
|
|a text
|2 rdacontent
|
| 337 |
|
|
|a computer
|2 rdamedia
|
| 338 |
|
|
|a online resource
|2 rdacarrier
|
| 504 |
|
|
|a Includes bibliographical references.
|
| 588 |
|
|
|a Description based on online resource; title from PDF title page (ebrary, viewed, August 14, 2014).
|
| 590 |
|
|
|a Electronic reproduction. Ann Arbor, MI : ProQuest, 2015. Available via World Wide Web. Access may be limited to ProQuest affiliated libraries.
|
| 650 |
|
0 |
|a Social security.
|
| 650 |
|
0 |
|a Health insurance.
|
| 655 |
|
4 |
|a Electronic books.
|
| 710 |
2 |
|
|a International Labour Office,
|e author,
|e publisher.
|
| 776 |
0 |
8 |
|i Print version:
|a International Labour Office.
|t World social protection report 2014/15 : building economic recovery, inclusive development and social justice.
|d Geneva, Switzerland : International Labour Office, c2014
|h xxiii, 336 pages
|z 9789221286608
|
| 797 |
2 |
|
|a ProQuest (Firm)
|
| 856 |
4 |
0 |
|u https://ebookcentral.proquest.com/lib/matrademy/detail.action?docID=1741828
|z Click to View
|